| 000 | 01038cam a22003014a 4500 | ||
|---|---|---|---|
| 003 | OSt | ||
| 005 | 20140310184504.0 | ||
| 008 | 060622s2007 nyu d b 001 0 eng | ||
| 010 | _a 2006020871 | ||
| 020 | _a053126226X | ||
| 040 |
_aDLC _cDLC _dDLC |
||
| 050 | 0 | 0 |
_aRA 1063.45 _b.D46 2007 |
| 100 | 1 |
_aDenega, Danielle. _92320 |
|
| 245 | 1 | 0 |
_aGut-eating bugs : _bmaggots reveal the time of death! / _cDanielle Denega. |
| 260 |
_aNew York : _bFranklin Watts, _c2007. |
||
| 300 |
_a64 p. : _bcol. ill. ; _c24 cm. |
||
| 490 | 0 | _a24/7 : science behind the scenes | |
| 521 | _aG4 | ||
| 526 | _c650 | ||
| 650 | 0 |
_aForensic entomology. _924788 |
|
| 650 | 0 |
_aDeath _xTime of. _928850 |
|
| 650 | 0 |
_aCriminal investigation. _910349 |
|
| 856 | 4 | 1 |
_3Table of contents only _uhttp://www.loc.gov/catdir/toc/ecip0616/2006020871.html |
| 906 |
_a7 _bcbc _corignew _d1 _eecip _f20 _gy-gencatlg |
||
| 942 |
_2lcc _cBK-SCHOLAS |
||
| 999 |
_c34798 _d34798 |
||